[Event "Polofinále MÈR juniorù 2013"]
[Site "Havlíèkùv Brod - hotel Slunce"]
[Date "2013.11.20"]
[Round "5.29"]
[White "Gregor, Jiøí"]
[Black "Štùla, Petr"]
[Result "1/2-1/2"]
[WhiteElo "1553"]
[BlackElo "1426"]
[PlyCount "115"]
[EventDate "2013.11.17"]

1. d4 d5 2. Nf3 Nf6 3. Bf4 e6 4. c3 Be7 5. h3 O-O 6. e3 b6 7. Bd3 c5 8. Nbd2
Bb7 9. O-O Nc6 10. Re1 cxd4 11. exd4 Rc8 12. Ne5 Bd6 13. Ndf3 h6 14. Bb5 Bxe5
15. Nxe5 Nxe5 16. Bxe5 a6 17. Bd3 b5 18. Qf3 Ne4 19. Qg4 Qg5 20. Qxg5 Nxg5 21.
f3 Rfe8 22. Re2 Nh7 23. Rae1 Nf8 24. Bg3 Nd7 25. f4 Rc6 26. f5 Bc8 27. fxe6
Rcxe6 28. Rxe6 Rxe6 29. Rxe6 fxe6 30. Bg6 Nf8 31. Bd3 Kf7 32. b3 Bd7 33. Kf2 g6
34. Bd6 Nh7 35. Bf4 h5 36. Ke3 Kf6 37. Be5+ Kf7 38. c4 dxc4 39. bxc4 bxc4 40.
Bxc4 Bc8 41. Bd3 Bb7 42. h4 Nf6 43. Bxf6 Kxf6 44. Be4 Bd5 45. Bxd5 exd5 46. Kf4
a5 47. a4 Ke6 48. g3 Kf6 49. g4 hxg4 50. Kxg4 Kf7 51. Kg5 Kg7 52. Kg4 Kf7 53.
Kf4 Kf6 54. Kg4 Kf7 55. Kf3 Ke6 56. Kf4 Kf6 57. Kg4 Kf7 58. Kg5 1/2-1/2